A capacidade civil das pessoas com deficiência e os perfis da curatela / (Record no. 149)

MARC details
000 -LÍDER
Campo Fixo de Controle 00963cam a2200277 a 4500
001 - NÚMERO DE CONTROLE
Campo de Controle 149
003 - IDENTIFICAÇÃO DO NÚMERO DE CONTROLE
Campo de Controle BR-CuiBMT
005 - DATA E HORA DA ÚLTIMA ATUALIZAÇÃO
Campo de Controle 20231116045811.0
008 - DADOS FIXOS
Dados Fixos 230821s2021 mgb 000 0 por d
020 ## - INTERNATIONAL STANDARD BOOK NUMBER
Nº do ISBN 9786555182637
040 ## - AGÊNCIA CATALOGADORA
Código da Agência Catalogadora BR-CuiBMT
Agência que transcreveu o registro BR-CuiBMT
080 ## - Nº DA CLASSIFICAÇÃO DECIMAL UNIVERSAL
Nº edição CDU 2007
Nº Class. CDU 347.15/.17
Subd. Auxiliar Comum -056.26/.37
090 ## - NÚMERO DE CHAMADA
Nº classificação 347.15/.17-056.26/.37
Cutter A447c
Ano/Edição 2. ed.
100 1# - ENTRADA PRINCIPAL -- AUTOR PESSOAL
Nome pessoal Almeida, Vitor
245 12 - TÍTULO PRINCIPAL
Título principal A capacidade civil das pessoas com deficiência e os perfis da curatela /
Indicação de responsabilidade Vitor Almeida ; prefácios Nelson Rosenvald, Heloisa Helena Barboza.
250 ## - EDIÇÃO
Edição 2. ed., rev., ampl. e atual.
260 ## - PUBLICAÇÃO, DISTRIBUIÇÃO, ETC.
Local de publicação Belo Horizonte :
Editora Fórum,
Data 2021.
300 ## - DESCRIÇÃO FÍSICA
N. páginas ou volumes 375 p. ;
Dimensões 22 cm
504 ## - NOTA DE BIBLIOGRAFIA, ETC.
Nota de bibliografia Inclui bibliografia.
650 ## - ASSUNTO TÓPICO
Cabeçalho tópico ou nome geográfico Direito civil
Subdivisão geral Pessoas com deficiência
650 ## - ASSUNTO TÓPICO
Cabeçalho tópico ou nome geográfico Curatela
Subdivisão geral Direito civil
650 ## - ASSUNTO TÓPICO
Cabeçalho tópico ou nome geográfico Deficência intelectual
Subdivisão geral Emancipação
650 ## - ASSUNTO TÓPICO
Cabeçalho tópico ou nome geográfico Deficiência física
Subdivisão geral Emancipação
650 ## - ASSUNTO TÓPICO
Cabeçalho tópico ou nome geográfico Direitos humanos
Subdivisão geral Inclusão
942 ## - ELEMENTOS DE ENTRADA ADICIONAIS (KOHA)
Fonte de classificação ou esquema de arquivamento Classificação Decimal Universal
Tipo de item do Koha Livros
Holdings
Estado: removido Estado: perdido Fonte de classificação ou esquema de arquivamento Estado: danificado Indisponível para empréstimo Localização permanente Localização atual Data de aquisição Total Checkouts Número de Chamada completo Código de barras Date last seen Número do exemplar Preço efetivo a partir de Tipo de item (Koha)
    Classificação Decimal Universal     Biblioteca da Escola Superior de Contas do TCE/MT Biblioteca da Escola Superior de Contas do TCE/MT 28/07/2023   347.15/.17-056.26/.37 A447c 2. ed. BIBTCEMT23080126 21/08/2023 Ex. 1 21/08/2023 Livros
    Classificação Decimal Universal     Biblioteca da Escola Superior de Contas do TCE/MT Biblioteca da Escola Superior de Contas do TCE/MT 28/07/2023   347.15/.17-056.26/.37 A447c 2. ed. BIBTCEMT23100052 31/10/2023 Ex. 2 31/10/2023 Livros
    Classificação Decimal Universal     Biblioteca da Escola Superior de Contas do TCE/MT Biblioteca da Escola Superior de Contas do TCE/MT 28/07/2023   347.15/.17-056.26/.37 A447c 2. ed. BIBTCEMT23100053 31/10/2023 Ex. 3 31/10/2023 Livros

Powered by Koha